000 00327nam a2200121Ia 4500
008 240731s9999 xx 000 0 und d
022 _a1465-329X
245 0 _aAssessment in Education: Principles, Policy & Practice
260 _bRoutledge
856 _uhttps://www.tandfonline.com/loi/caie20
942 _2ddc
942 _cTFEJ
999 _c75478
_d75478
945 _a1
_bMadushi Gamage
_c1
_dMadushi Gamage